| 000 | 00594nam a2200205 a 4500 | ||
|---|---|---|---|
| 001 | 3379 | ||
| 003 | CDMR | ||
| 005 | 20151030104202.0 | ||
| 008 | 130130s1989||||||||||||||||||||||||||||d | ||
| 020 | _a8401230063 | ||
| 040 |
_aCDMR _bcat _cCDMR |
||
| 100 | 1 |
_aKapferer, Jean-Noël _92437 |
|
| 245 | 1 | 0 |
_aRumores _b: el medio de difusión más antiguo del mundo _cJean-Nöel Kapferer |
| 260 |
_aBarcelona _c1989 _bPlaza & Janés |
||
| 490 | 0 | _aHombre y Sociedad | |
| 650 | 0 | 4 |
_93901 _aRumor |
| 650 | 0 | 4 |
_93564 _aPeriodisme _xFonts d'informació |
| 650 | 0 | 4 |
_9388 _aComunicació humana |
| 942 |
_cMON _2udc |
||
| 999 |
_c3379 _d3379 |
||